000 00747nam a2200241Ia 4500
003 OSt
005 20221005051319.0
006 a|||||r|||| 00| 0
007 ta
008 221004b |||||||| |||| 00| 0 eng d
024 _a32323
037 _cTextual
040 _aCRL
_cCRL
_beng
041 _2eng
_aeng
082 _aN.41g, G5 close section
100 _aFry Roger etc.
_9595860
245 0 _aChinese art
_b An introductory handbook to painting, Sculpture, ceramics, textiles, bronzes and minor arts
260 _aLondon
_bB T Batsford LTD USA
_c1935
300 _a86p
_ccm.
650 _aARTS
942 _hN.41g, G5 close section
_cTEXL
_2cc
999 _c958638
_d958638